000 00841nam a2200253Ia 4500
003 OSt
005 20220923221039.0
006 a|||||r|||| 00| 0
007 ta
008 220922b |||||||| |||| 00| 0 hin d
024 _a194,355
037 _cTextual
040 _aARTS
_cARTS
_bhin
041 _2hin
_ahin
082 _aO152,3:gN, M7
100 _aझाल्टे दंगल
245 0 _aउपन्यास समीक्षा के नये प्रतिमान
246 _aUpanyās samīkṣhā ke naye pratimāna
260 _aनई दिल्ली
_b वाणी प्रका0
_c1987
300 _a144पृ.
_ccm.
650 _aहिन्दी साहित्य
_9156264
942 _hO152,3:gN, M7
_cTEXL
_2CC
999 _c346619
_d346619